1763 1463 1025 1163 1598 1086 1762 1590 1227 1633 1354 1285 1981 1430 1227 1322 1699 1159 1037 1630 1337 1687 1409 1043 1636 1766 1922 1582 1581 1318 1108 1797 1426 1530 1278 1099 1878 1715 1063 1923 1436 1689 1738 1259 1283 1126 1217 1198 1880 1108 1889 1775 1995 1052 1248 1757 1663 1041 1717 1720 1878 1392 1771 1739 1318 1809 1055 1973 1073 1106 2000 1006 1309 1063 1348 1026 1630 1320 1009 1050 1907 1536 1443 1011 1533 1839 1981 1195 1892 1316 1041 1465 1763 1070 1845 1100 1981 1714 1144 BCNSPRNW ULIB Ver.6.0+V

เปลี่ยนเป็นภาษาไทย

Change to English
 แสดงรายละเอียดบรรณานุกรม
  กลับหน้าหลัก

Brief Record : Get Marc (ISO 2709) : E-mail record : QR code < ปิดหน้าต่าง
LEADER : 00000nam 2200000uu 4500
001    13399112377
003     ULIB
008    110809s2550||||th 000 0 tha d
020    9789747662597
060 04 QV55^bฉ169ค
100 0  เฉลิมศรี สุวรรณเจดีย์
245 10 คู่มือการใช้ยาและการจัดการพยาบาล /^cเฉลิมศรี สุวรรณเจดีย์,จุฬาภรณ์ สมรูป
250    พิมพ์ครั้งที่ 5 ฉบับปรับปรุงใหม่
260    กรุงเทพฯ :^bบพิธการพิมพ์,^c2550
300    (11), 871 หน้า ;^c21 ซม.
650  7 การใช้ยา
650  7 ยา^xคู่มือ
700 0  จุฬาภรณ์ สมรูป
945    ^p280^l0^i14931
945    ^p280^l0^i14556
995    กัณชพร
999    กัณชพร
รายการนี้ยังไม่มีแท็ก
คุณยังไม่ได้ล็อกอิน คุณสามารถมีกิจกรรมร่วมกับเว็บไซต์ได้ แต่ต้องล็อกอินก่อน ::
  ล็อกอิน

รายการสื่อสารสนเทศ

ลำดับที่ ประเภท เลขเรียก/บาร์โค้ด สถานที่ สถานะ
- ไม่พบข้อมูล -

รายการใกล้เคียง
    ผู้แต่ง [เฉลิมศรี สุวรรณเจดีย์]

    หัวเรื่อง [การใช้ยา]

BibComment


ยังไม่เคยถูกคอมเมนท์

คอมเมนท์ทรัพยากรรายการนี้
  คอมเมนท์: คู่มือการใช้ยาและ..


 Copyright 2026. Bcnsprnw @Library